000 01015nam a2200229Ia 4500
001 16971
005 20260327112733.0
008 260306t2013||||xx |||||||||||||| ||und||
041 _aESP
082 _a657.32
_bM22
100 _aMantilla B., Samuel Alberto
_eAUT
245 0 _aIFRS/NIIF plenos:
_ba su alcance, para facilitar su implementación
260 _c2013
300 _a301 páginas :
_c24 cm.
650 _aGEN
654 _aCCO
856 _uhttps://itmsp.museknowledge.com/UCSP?url=https://www.ebooks7-24.com:443/?il=10012&pg=1
_zVéase además: Análisis de la implementación de los IFRS, por Samuel Alberto Mantilla. Versión digital
856 _uhttps://0u213u9dh-y-https-ebooks7--24-com.itmsp.museknowledge.com/biblioteca.aspx
_zVéase además: Base de datos Ebook7-24
856 _uhttps://www.legismovil.pe/lnp.asp
_zVéase además: Base de datos LegisMóvil
856 _uhttps://legal.legis.com.pe/home/Corporativo
_zVéase además: Base de datos Multilegis
942 _cLIB
_dJUS
_fJUS
_2ddc
999 _c16971
_d16971